000 00309nam a22001457a 4500
008 231012b ||||| |||| 00| 0 eng d
020 _a9780521409063
041 _aeng
080 _a521
082 _a521LUM
100 _a19
101 _aASTRO
245 _aBLACK HOLES
_cLUMINET .P-J
942 _2udc
_cBK
999 _c60440
_d60440